00000000nam 2200000zi 4500
0019.952587
003CaOODSP
00520250821110454
006m     o  d f      
007cr |n|||||||||
008250623e198605##abc     o    f|0| 0 eng d
040 |aCaOODSP|beng|erda|cCaOODSP
043 |an-cn---
0861 |aDR52-2/7-1986E-PDF
24502|aA brief history of DRES — 1941-1985 (U).
24613|aBrief history of Defence Research Establishment Suffield — 1941-1985 (U)
24616|aBrief history of DRES — 1941-1985
264 1|a[Ralston, Alberta] : |bDefence Research Establishment Suffield : |bNational Defence = Défense Nationale, |cMay 1986.
300 |a1 online resource (18 pages).
336 |atext|btxt|2rdacontent
337 |acomputer|bc|2rdamedia
338 |aonline resource|bcr|2rdacarrier
4901 |aSuffield special publication ; |vNo. 100
500 |aDigitized edition from print [produced by Defence Research and Development Canada].
500 |a"Project No. 261SA-11."
500 |a"Unclassified."
61020|aDefence Research Establishment Suffield|xHistory.
650 0|aMilitary research|zAlberta|zSuffield|xHistory.
650 6|aRecherche militaire|zAlberta|zSuffield|xHistoire.
7102 |aDefence Research Establishment Suffield, |eissuing body.
830#0|aSuffield special publication ;|vNo. 100.|w(CaOODSP)9.926017
85640|qPDF|s668 KB|uhttps://publications.gc.ca/collections/collection_2025/rddc-drdc/DR52-2-7-1986-eng.pdf